| 000 | 00869cam a2200205 i 4500 | ||
|---|---|---|---|
| 005 | 20260217093501.0 | ||
| 008 | 250721s2002 ua gr 000 0 ara d | ||
| 020 | _a9773272478 | ||
| 082 | 1 | 4 |
_a414.3 _bم ع ط |
| 100 | 1 |
_aإبن معطي، أبو الحسن زين الدين _eمؤلف. |
|
| 245 | 1 | 2 |
_aالبديع في علم البديع / _cيحيى بن معطي ؛ تحقيق ودراسة دكتور محمد مصطفى أبو شوارب ؛ راجعه وقدم له مصطفى الصاوي الجويني. |
| 250 | _aالطبعة الأولى. | ||
| 264 | 3 | 1 |
_aالإسكندرية : _bدار الوفاء لدنبا الطباعة والنشر، _c2002. |
| 300 | _a295 صفحة. | ||
| 650 | 1 | 7 | _aالبلاغة. |
| 653 | _aعلم البديع | ||
| 700 | 1 |
_aأبو شوارب، محمد _eمحقق |
|
| 942 |
_2ddc _cBK |
||
| 999 |
_c86378 _d86378 |
||